Vklad do výchovy umením

Podrobná bibliografia
Médium: Článok
Jazyk:slovenčina
Predmet:

MARC

LEADER 00000nab a2200000 ar4500
001 vtls010081870
003 SK-MaSNL
005 20260426063033.0
008 100401c1973 xo |r|p|||||||000 b|slo
015 |a SNBRB1973 
038 |a SNKBUCL 
040 |a SNKBUCL  |b slo  |c SNKBUCL  |e AACR2 
041 |a slo 
044 |a xo  |c SK 
080 |a 76.071.1:061.4  |2 1997 
245 0 0 |a Vklad do výchovy umením  |c [autor] -vb- 
600 1 7 |a Baláž, Jozef,  |d 1923-2006  |2 snkbucl  |9 7246 
651 7 |a Bratislava (Slovensko)  |2 snkbucl  |9 14568 
773 0 |t Smena  |g (27.6.1973), s. 6 
852 |a SNK  |b KIS3GCP 
958 |a BX 
999 |c 2552007  |d 2553937